000 01090cam a2200325 a 4500
001 58212
003 CO-BoRNBP
005 20250820164134.0
007 ta
008 081210s1995 mx a jr 000 j spa
020 _a9681648382
040 _aCO-BoBN
_bspa
_cCO-BoBN
041 1 _aspa
043 _an-us---
082 0 4 _aEU823.54
_221
100 1 _aSoto, Gary
_962675
245 1 0 _aBeisbol en abril y otras historias /
_cGary Soto ; ilustraciones de Mauricio Gómez Morín ; traducción de Tedi López Mills
250 _a2a. ed.
300 _a149 p. :
_bil. ;
_c19 cm
336 _2rdacontent
_atexto
_btxt
337 _2rdamedia
_asin mediación
_bn
338 _2rdacarrier
_avolumen
_bnc
650 1 4 _aCuentos infantiles estadounidenses
_ySiglo XX
_2LEMB
_9816
650 2 4 _aLiteratura infantil estadounidense
_ySiglo XX
_2LEMB
_9817
650 2 4 _aBeisbol
_vCuentos
_2LEMB
_962676
700 1 _aGómez Morín, Mauricio,
_eilustrador
_962677
700 1 _aLópez Mills, Tedi,
_etraductor
_962678
942 _2ddc
_cBK
999 _c58212
_d58212